Educando en valores a través de ciencia, tecnología y sociedad

Guardat en:
Dades bibliogràfiques
Autors principals: Méndez Stingl, Roberto (autor), Alvarez Revilla, Alvar (Autor)
Format: Llibre
Idioma:espanyol
Publicat: Bilbao Desclée De Brouwer 1999
Col·lecció:Colección Aprender a Ser
Matèries:
Etiquetes: Afegir etiqueta
Sense etiquetes, Sigues el primer a etiquetar aquest registre!

MARC

LEADER 00000nam a2200000 a 4500
001 UCP7786
003 CL-VaPUC
008 991223e19990000SP |||||||||||||||||spa|d
082 0 4 |a 370.114  |b MEN  |2 21 
100 |a Méndez Stingl, Roberto  |e autor  |9 437343 
700 0 |a Alvarez Revilla, Alvar  |e author  |9 437344 
245 1 0 |a Educando en valores a través de ciencia, tecnología y sociedad 
300 |a 169 p 
942 |c BK 
945 |d 19991223 00:00:00  |a vberengu 
260 |a Bilbao  |b Desclée De Brouwer  |c 1999 
650 0 |a Ética  |9 255099 
650 0 |a Educación moral  |9 308319 
650 0 |a Toma de decisiones   |9 257530 
650 0 |a Valores morales   |9 310604 
650 0 |a Valores sociales  |9 309627 
583 |a last modification  |c 19991223 00:00:00  |k Rodrigo Vera 
490 0 |a Colección Aprender a Ser 
999 |c 284832  |d 284830 
952 |0 0  |1 0  |4 0  |6 370_114000000000000_MEN_1999  |7 0  |8 A  |9 329083  |a BIBTEO  |b BIBTEO  |d 2019-11-20  |i 3583708  |o 370.114 MEN 1999  |p 3583708  |r 2025-01-17  |w 2019-11-20  |y BK  |k ICR 
952 |0 0  |1 0  |4 0  |6 370_114000000000000_MEN_1999  |7 0  |8 A  |9 329084  |a BIBEDU  |b BIBEDU  |d 2019-11-20  |i 3595706  |o 370.114 MEN 1999  |p 3595706  |r 2019-11-20  |w 2019-11-20  |y BK  |k EPE 
952 |0 0  |1 0  |4 0  |6 370_114000000000000_MEN_1999  |7 0  |8 A  |9 329085  |a BIBEDU  |b BIBEDU  |d 2019-11-20  |i 3721590  |o 370.114 MEN 1999  |p 3721590  |r 2019-11-20  |w 2019-11-20  |y BK  |k EPE